| 000 | 00570nam a22001817a 4500 | ||
|---|---|---|---|
| 003 | OSt | ||
| 005 | 20250526134133.0 | ||
| 008 | 250526b |||a|||| |||| 00| 0 spa d | ||
| 037 | _bDonación | ||
| 040 |
_aCO-JMCR _bspa _cCO-JMCR _dCO-JMCR _erda |
||
| 041 | 0 | _aspa | |
| 082 | 0 | 4 |
_223 _a986.286 _bL54h |
| 100 | 1 |
_aLemaitre, Eduardo, _eautor _944153 |
|
| 245 | 1 | 0 |
_aHistoria general de Cartagena/ _cEduardo Lemaitre. |
| 260 |
_aBogotá: _bBanco de la Republica, _c1983. |
||
| 300 |
_a216 páginas (tomo I): _a248 páginas (tomo III): _bIlustraciones; _c24 cm. |
||
| 942 |
_2ddc _cBK |
||
| 999 |
_c30994 _d17378 |
||